00965cam a2200289 a 45000010005000000030006000050050017000110080041000280100017000690200025000860400023001110500016001340820011001501000017001612450071001782600046002493000048002954900058003435000035004015050008004365200103004445210018005475210018005656500021005836500022006047000049006264606FISKH20240918094156.0090616s2010 nyua a 000 1 eng  a 2009021136 a9780448453453 (pbk.) aDLCcDLCdDLCbeng aPZ7.G13813  a813.6 1 aGallo, Lisa.12aA picnic adventure /cby Lisa Gallo ; illustrated by Laura Thomas. aNew York :bPenguin Young Readers,c2010. a32 pages : bcolor illustrations ; c23 cm 0 aAll aboard reading. Station stop 1, beginning to read a"Strawberry Shortcake"--Cover. aE  aStrawberry and her friends lose their map while on a hike and must find their way home without it.8 a210 bLexile 8 aE bRaz-Plus  1aHikingvFiction. 1aPicnicsvFiction.1 aThomas, Lauraq(Laura Dianna),eillustrator